Húsz évvel ezelőtt indult... egy szegedi muzsikus útja a világhírnév felé /
Elmentve itt :
| Szerző: | |
|---|---|
| Dokumentumtípus: | Cikk |
| Megjelent: |
1965-05-25
|
| Sorozat: | Délmagyarország
55 No. 121 |
| Kulcsszavak: | Konrád György, Zenei élet Szeged riport 1965, zeneélet 1962-1979 |
| Online Access: | http://dmarchiv.bibl.u-szeged.hu/76678 |
| LEADER | 00557nab a2200157 i 4500 | ||
|---|---|---|---|
| 001 | delm76678 | ||
| 005 | 20180928084330.0 | ||
| 008 | 180928s1965 hu o 0|| hun d | ||
| 040 | |a SZTE Délmagyarország Archívum |b hun | ||
| 041 | |a hun | ||
| 100 | 1 | |a Jenő István | |
| 245 | 1 | 0 | |a Húsz évvel ezelőtt indult... |h [elektronikus dokumentum] : |b egy szegedi muzsikus útja a világhírnév felé / |c Jenő István |
| 260 | |c 1965-05-25 | ||
| 300 | |a 5 | ||
| 490 | 0 | |a Délmagyarország |v 55 No. 121 | |
| 695 | |a Konrád György, Zenei élet Szeged riport 1965, zeneélet 1962-1979 | ||